000 00736nam a2200241Ia 4500
003 OSt
005 20220918195623.0
006 a|||||r|||| 00| 0
007 ta
008 220917b |||||||| |||| 00| 0 eng d
024 _a85,507
037 _cTextual
040 _aARTS
_cARTS
_beng
041 _2eng
_aeng
082 _aT.63, M0 (906)
100 _aMugomba Agrippah T ed
_990804
245 0 _aIndepoendence without freedom
_b political economy of solonoial education in Southern Africa
260 _aEngland
_bSanta barbara
_c1980
650 _aEDUCATION
700 _a Nyaggah Mougo ed
_990805
942 _hT.63, M0 (906)
_cTEXL
_2CC
999 _c209220
_d209220